00679nam a2200181 a 450000100100000000500170001000800410002704000250006808200150009310000280010824500550013626000710019130000200026270000290028204900090031195201600032099900170048000003182120200930063216.0110706s1944 dr 000 0 spa d aDO-SdBNPbspacBNPHU axxxbR540l1 aRobert, Virgilio95803410aLiras nuevas /cVirgilio Robert, Generoso Morillo. aCiudad Trujillo, República Dominicana :bImprenta Roldan,c1944. a40 p. ;c25 cm.1 aMorillo, Generoso958035 aBNPD 001050718RVaPDbPDcCTd2011-07-06iLF1l0oxxx R540lp31821-10r2020-06-25w2020-06-25y1zPerteneció a la colección Martínez BoogZNo se presta c31313d31313